000 00331nam a22001217a 4500
008 190311b xxu||||| |||| 00| 0 eng d
041 _aeng
080 _a043.3
100 _a0
101 _aMBE-BA
245 _aRaporti i Marredhenieve Tregtare ne mes te Republikes se Kosoves dhe vendeve te Rajonit
_cCerkini, A
942 _2udc
_cBK
999 _c54695
_d54695